000 01101pab a2200169 454500
008 180718b2012 xxu||||| |||| 00| 0 eng d
100 _aGautam, Richa
245 _aGlobalization and governance: Changing nature of the state
260 _c2012
300 _ap.74-82.
362 _aJul-Dec
520 _aThis paper tries to show that globalisation and governance with their imperfections has to be combined in a way that it leads to peace, harmony and prosperity, just as the lame and blind can move forward happily with lame telling the right path and blind moving ahead. State becomes an important actor when we consider governance. The article shows that though the nature of state is changing from being interventionist to minimal interference yet the role of state as the driving agent of globalisation cannot be undermined. The only solution to mismanaged globalisation is good governance wherein the state through good governance can make a perfect combination with globalisation. - Reproduced.
650 _aGlobalization
773 _aReview of Politics
908 _aN
909 _a98334
999 _c98333
_d98333